00476nam a2200157Ia 4500008004100000040001800041041000800059100003200067245005100099260006500150300001800215650002300233650002400256650001500280650002300295130821s1963 ck gr spa  aCo-BoUCMbspa00aspa1 aLópez de la Pava, Enrique10aDerecho de familiacEnrique López de la Pava aBogotá (Colombia)bUniversidad Externado de Colombiac1963 a303 páginas aDerecho de familia aDerechos del niño aMatrimonio aPersonas (Derecho)